Successful grant proposals in science, technology and medicine: (Record no. 5262)

MARC details
000 -LEADER
fixed length control field 00774nam a22002417a 4500
003 - CONTROL NUMBER IDENTIFIER
control field OSt
005 - DATE AND TIME OF LATEST TRANSACTION
control field 20220107122817.0
008 - FIXED-LENGTH DATA ELEMENTS--GENERAL INFORMATION
fixed length control field 160627b xxu||||| |||| 00| 0 eng d
020 ## - INTERNATIONAL STANDARD BOOK NUMBER
International Standard Book Number 9781107659308
040 ## - CATALOGING SOURCE
Transcribing agency IIITMK
082 ## - DEWEY DECIMAL CLASSIFICATION NUMBER
Classification number 658.453 OST/S
100 ## - MAIN ENTRY--PERSONAL NAME
Personal name Oster, Sandra
9 (RLIN) 9901
245 ## - TITLE STATEMENT
Title Successful grant proposals in science, technology and medicine:
Remainder of title A guide to writing the narrative.
Statement of responsibility, etc. Sandra Oster and Paul Cordo
260 ## - PUBLICATION, DISTRIBUTION, ETC.
Place of publication, distribution, etc. UK,
Name of publisher, distributor, etc. Cambridge University Press,
Date of publication, distribution, etc. 2015.
300 ## - PHYSICAL DESCRIPTION
Extent xii, 378p.
650 ## - SUBJECT ADDED ENTRY--TOPICAL TERM
Topical term or geographic name entry element PROPOSAL WRITING FOR GRANTS
9 (RLIN) 9902
650 ## - SUBJECT ADDED ENTRY--TOPICAL TERM
Topical term or geographic name entry element REPORT WRITING
9 (RLIN) 10268
650 ## - SUBJECT ADDED ENTRY--TOPICAL TERM
Topical term or geographic name entry element WRITTEN COMMUNICATION
9 (RLIN) 10269
650 ## - SUBJECT ADDED ENTRY--TOPICAL TERM
Topical term or geographic name entry element SCIENCE AND TECHNOLOGY
9 (RLIN) 10270
650 ## - SUBJECT ADDED ENTRY--TOPICAL TERM
Topical term or geographic name entry element TECHNICAL WRITING
9 (RLIN) 9903
700 ## - ADDED ENTRY--PERSONAL NAME
Personal name Cordo, Paul
9 (RLIN) 9905
942 ## - ADDED ENTRY ELEMENTS (KOHA)
Source of classification or shelving scheme Dewey Decimal Classification
Koha item type Books
Holdings
Withdrawn status Lost status Source of classification or shelving scheme Damaged status Not for loan Collection code Home library Current library Shelving location Date acquired Cost, normal purchase price Total Checkouts Full call number Barcode Date last seen Price effective from Koha item type
    Dewey Decimal Classification     Business Communications Kerala University of Digital Sciences, Innovation and Technology Knowledge Centre Kerala University of Digital Sciences, Innovation and Technology Knowledge Centre Management 27/06/2016 2270.00   658.453 OST/S 4525 03/12/2020 27/06/2016 Books